Bahenná terapia chronických polyartritíd

Bibliographic Details
Main Author: Billeš, Ľudovít (Author)
Format: Book
Language:Slovak
PhysicalDescription:7 s. 8°
Published: Piešťany Kvetuša 1934

MARC

LEADER 00000nam a2200000 a 4500
001 vtls001315842
003 SK-MaSNL
005 20260301200123.0
008 240315s1934 xo 0 slo
035 |a SNK000268339 
040 |a SNK  |b slo  |c SNK  |e AACR2 
041 0 |a slo 
044 |a xo  |c SK 
100 1 |a Billeš, Ľudovít  |4 aut  |9 384308 
245 1 |a Bahenná terapia chronických polyartritíd  |c Ľudovít Billeš 
260 |a Piešťany  |b Kvetuša  |c 1934 
300 |a 7 s.  |c 8° 
500 |a Zvláštny odtlačok z časopisu Slovenský sborník ortopedický. 1934. Roč. 9. Soš. 4. 
999 |c 889049  |d 890979 
952 |t P60, <03>, [BOOK], {603}  |a SNK  |b SNK  |y PREZ  |7 0  |o snkSD 44492  |i snkK 1136/75  |0 0  |1 0  |4 0  |d 1998-01-09  |l 0  |r 2005-01-02 00:00:00  |w 2026-02-24